| 000 | 00000cas 2200000zi 4500 |
| 001 | 9.961633 |
| 003 | CaOODSP |
| 005 | 20260421152731 |
| 006 | m o d f |
| 007 | cr cn |||||||| |
| 008 | 260402d19872001oncqr p o f0 b0fre|d |
| 022 | |a1701-9370 |
| 040 | |aCaOODSP|bfre|erda|cCaOODSP |
| 043 | |an-cn--- |
| 086 | 1 |aIu21-2F-PDF |
| 210 | 0 |aCoûts util. cartes crédit |b(En ligne) |
| 222 | 0|aCoûts d'utilisation des cartes de crédit |b(En ligne) |
| 245 | 00|aCoûts d'utilisation des cartes de crédit. |
| 264 | 1|a[Ottawa] : |bIndustrie Canada = Industry Canada, |c-[2001] |
| 310 | |aTrimestriel |
| 336 | |atexte|btxt|2rdacontent/fre |
| 337 | |ainformatique|bc|2rdamedia/fre |
| 338 | |aressource en ligne|bcr|2rdacarrier/fre |
| 362 | 1 |aNe paraît plus après : Juillet 2001. |
| 500 | |aPublié aussi en anglais sous le titre : Credit card costs. |
| 500 | |aÉdition numérisée de l'imprimé [par Innovation, sciences et développement économique Canada]. |
| 550 | |aColligées par : Direction de la politique en consommation, 1993-1994; Bureau de la consommation, 1995-2001. |
| 588 | |aDescription d'après : Décembre 1993; titre de départ du fichier PDF. |
| 588 | |aDernière livraison consultée : Juillet 2001. |
| 650 | 6|aCartes de crédit|xFrais|zCanada|vPériodiques. |
| 650 | 6|aCartes de crédit|zCanada|vPériodiques. |
| 655 | 7|aPériodiques|2rvmgf |
| 710 | 1 |aCanada. |bIndustrie Canada, |eorganisme de publication. |
| 710 | 1 |aCanada. |bIndustrie Canada. |bDirection de la politique en consommation, |eorganisme de publication. |
| 710 | 1 |aCanada. |bBureau de la consommation, |eorganisme de publication. |
| 775 | 08|tCredit card costs.|w(CaOODSP)9.961634 |
| 785 | 00|tLes cartes de crédit, à vous de choisir |w(CaOODSP)9.503223 |